Vocal Chamber Music : (Record no. 1678)
[ view plain ]
| 000 -LEADER | |
|---|---|
| fixed length control field | 00942nac a22002411u 4500 |
| 008 - FIXED-LENGTH DATA ELEMENTS--GENERAL INFORMATION | |
| fixed length control field | 100921t xxu||||| |||| 00| 0 eng d |
| 010 ## - LIBRARY OF CONGRESS CONTROL NUMBER | |
| LC control number | 83049309 |
| 020 ## - INTERNATIONAL STANDARD BOOK NUMBER | |
| International Standard Book Number | 0824090039 (alk. paper) : |
| 082 00 - DEWEY DECIMAL CLASSIFICATION NUMBER | |
| Classification number | 016.784306 |
| Item number | D921 |
| 100 ## - MAIN ENTRY--PERSONAL NAME | |
| Personal name | Dunlap, Kay, |
| 9 (RLIN) | 19626 |
| 245 10 - TITLE STATEMENT | |
| Title | Vocal Chamber Music : |
| Remainder of title | A Performer's Guide / |
| Statement of responsibility, etc | Kay Dunlap, Barbara Winchester. |
| 260 ## - PUBLICATION, DISTRIBUTION, ETC. (IMPRINT) | |
| Place of publication, distribution, etc | New York : |
| Name of publisher, distributor, etc | Garland, |
| Date of publication, distribution, etc | 1985. |
| 300 ## - PHYSICAL DESCRIPTION | |
| Extent | xviii, 140 p. ; |
| Dimensions | 26 cm. |
| 440 #0 - | |
| -- | Garland reference library of the humanities ; |
| -- | vol. 465 |
| -- | 19627 |
| 500 ## - GENERAL NOTE | |
| General note | Includes index. |
| 500 ## - GENERAL NOTE | |
| General note | Donations |
| 500 ## - GENERAL NOTE | |
| General note | Donations - Dr. Mostafa Gouda |
| 504 ## - BIBLIOGRAPHY, ETC. NOTE | |
| Bibliography, etc | Bibliography: p. 109. |
| 650 #0 - SUBJECT ADDED ENTRY--TOPICAL TERM | |
| Topical term or geographic name as entry element | Vocal music |
| General subdivision | Bibliography. |
| 9 (RLIN) | 19628 |
| 700 1# - ADDED ENTRY--PERSONAL NAME | |
| Personal name | Winchester, Barbara, |
| Dates associated with a name | 1943- |
| 9 (RLIN) | 19629 |
| 942 ## - ADDED ENTRY ELEMENTS (KOHA) | |
| Item type | Book - Borrowing |
| Call number prefix | 016.784306D921 |
| Source of classification or shelving scheme | Dewey Decimal Classification |
| Withdrawn status | Item status | Damaged status | Not for loan | Home library | Current library | Shelving location | Date acquired | Source of acquisition | Total Checkouts | Full call number | Barcode | Date last seen | Koha item type |
|---|---|---|---|---|---|---|---|---|---|---|---|---|---|
| Central Library | Central Library | Lower Floor | 04/12/2006 | Purchase | 016.784306 DUN | 000002663 | 15/07/2025 | Book - Borrowing |